01000nam a2200241 i 4500001000700000003000900007005001700016008004100033020001800074080002400092080004100116080003400157080001600191100002700207245018500234260006400419300003300483504003100516600006500547600006300612650003000675852005300705178153ES-MaACL20260504130852.0110519s2000 cl af |||| | spa d a956-8027-01-7 a821.134.2(83)-4"19" a821.134.2(83) Huidobro, Vicente 1.06 a821.133.1 Breton, André 106 a82-1.09"19"1 aRodríguez S., Marta.10aDelirio y metáforab: Vicente Huidobro y André Bretón : ensayos de investigaciones en biopoética /cMarta Rodríguez S. ; [ilustraciones de metáforas, Alejandro Ríos]. aProvidencia, Santiago (Chile) :bDelirio Poético,c[2000] a195 p. :bil. col. ;c21 cm. aBibliografía: p.189-193.14aHuidobro, Vicente,d1893-1948-xCrítica e interpretación14aBreton, André,d1896-1966-xCrítica e interpretación07aCreacionismo (Literatura) aES-MaACLbR.145595jA-11210dOlim: N-4214cDEPO1